000 00912nam a2200217Ii 4500
003 JO-AjNU
008 230605s9999||||xx |||||||||||||| ||und||
017 _a1995/8/838
040 _aJO-AjNU
_bara
_erda
_cJO-AjNU
041 _aara
050 1 4 _aHF5681.B2.S29 1995
100 3 _aتأليف صيام، وليد زكريا/ م.مشارك: حسام الدين مصطفى الخداش، عبدالناصر ابراهيم نور,
_eauthor
_945475
245 0 0 _aاصول المحاسبة المالية، ج1
250 _aط1
264 3 1 _aعمان: دار المسيرة للنشر والتوزيع، 1995
300 _aج1، 346ص
_bيحتوي على مصطلحات باللغة الانجليزية وببلوغرافية من ص339-346ص
336 _atext
_btxt
_2rdacontent
337 _aunmediated
_bn
_2rdamedia
338 _avolume
_bnc
_2rdacarrier
650 4 _aالمحاسبة المالية
_945476
999 _aA19716
_c23284
_d23284